000 00281nam a2200121Ia 4500
008 190216s9999||||xx |||||||||||||| ||und||
100 _aUsman Moothedam
245 0 _aThalolam
260 _bPoomkavanam Books Publishers
_c1989
300 _a58p
650 _aKavithkal
942 _cBK
999 _c22321
_d22321